Mahgreb Countries - Statistics

General Stats
  • This quiz has been taken 59 times
  • The average score is 5 of 5
Answer Stats
Countries % Correct
Algeria
100%
Libya
98%
Morocco
98%
Tunisia
92%
Mauritania
78%
No matching quizzes found
Score Distribution
Percent of People with Each Score
Percentile by Number Answered
Your Score History
You have not taken this quiz